000 00719nam a2200241 a 4500
001 43056
003 BD-RjUL
005 20211209053635.0
008 750819s1949 enk b 000 0 eng
035 _a(BD-RjUL)43174
040 _aDLC
_cFM
_dOCoLC
_dBD-RjUL
_beng
041 _aeng
082 _a658.8
_223
_bHAD 1949
100 1 _aHall, Margaret.
_9132217
245 1 0 _aDistributive trading :
_ban economic analysis /
260 _aLondon ;
_aNew York :
_bHutchinson's University Library,
_c1949
300 _a203 p. ;
_c19 cm.
490 0 _aHutchinson's University Library. Economics,
_vno. 42
504 _aBibliography: p. 199-200.
650 0 _aMarketing.
_9132218
942 _2ddc
_cBK
999 _c43056
_d43056